Catálogo público

Manual de buenas prácticas de manejo para el cultivo del camarón blanco Penaeus vannamei / Jorge Cuéllar Anjel...[et el.] (Record no. 217175)

MARC details
000 -CABECERA
campo de control de longitud fija 01069nam a2200265Ia 4500
001 - NÚMERO DE CONTROL
campo de control Z_6769
008 - DATOS DE LONGITUD FIJA--INFORMACIÓN GENERAL
campo de control de longitud fija 220601s9999 xx 000 0 und d
020 ## - NÚMERO INTERNACIONAL ESTÁNDAR DEL LIBRO
Número Internacional Estándar del Libro 978-9962-661-05-4
082 ## - NÚMERO DE LA CLASIFICACIÓN DECIMAL DEWEY
Número de clasificación C 639.543843072 M36
245 ## - MENCIÓN DE TÍTULO
Título Manual de buenas prácticas de manejo para el cultivo del camarón blanco Penaeus vannamei / Jorge Cuéllar Anjel...[et el.]
260 ## - PUBLICACIÓN, DISTRIBUCIÓN, ETC.
Lugar de publicación, distribución, etc. Panamá : Organismo Internacional Regional de Sanidad Agropecuaria (OIRSA) ; Organización del Sector Pesquero y Acuícola del Itsmo Centroamericano (OSPESCA). Sistema de la Integración Centroamericana (SICA)
300 ## - DESCRIPCIÓN FÍSICA
Extensión 132 p.
503 ## - NOTA DE HISTORIA BIBLIOGRÁFICA (BK CF MU) [OBSOLETO]
Nota de historia bibliográfica ej.1: donación
504 ## - NOTA DE BIBLIOGRAFÍA, ETC.
Nota de bibliografía, etc. Bibliografía: p. 91 - 92
650 ## - PUNTO DE ACCESO ADICIONAL DE MATERIA--TÉRMINO DE MATERIA
Término de materia o nombre geográfico como elemento de entrada 1. Camarones
650 ## - PUNTO DE ACCESO ADICIONAL DE MATERIA--TÉRMINO DE MATERIA
Término de materia o nombre geográfico como elemento de entrada Litopenaeus vannamei
9 (RLIN) 145881
650 ## - PUNTO DE ACCESO ADICIONAL DE MATERIA--TÉRMINO DE MATERIA
Término de materia o nombre geográfico como elemento de entrada Cultivo de camarones -- Manuales
650 ## - PUNTO DE ACCESO ADICIONAL DE MATERIA--TÉRMINO DE MATERIA
Término de materia o nombre geográfico como elemento de entrada Buenas prácticas de acuicultura -- Manuales
700 ## - PUNTO DE ACCESO ADICIONAL--NOMBRE DE PERSONA
Nombre de persona Cuéllar Anjel, Jorge, aut.Ì
9 (RLIN) 184322
901 ## - ELEMENTOS DE DATOS A LOCAL LDA (RLIN)
a C 639.543843072 M36
902 ## - ELEMENTOS DE DATOS B LOCAL, LDB (RLIN)
a M
905 ## - ELEMENTOS DE DATOS E LOCAL, LDE (RLIN)
a 523227 2010 pn bdn 8222223322spa16
942 ## - ELEMENTOS DE PUNTO DE ACCESO ADICIONAL (KOHA)
Tipo de ítem Koha Libro_
Holdings
Estado de retiro Estado de pérdida Fuente del sistema de clasificación o colocación Estado dañado No para préstamo Código de colección Localización permanente Ubicación/localización actual Ubicación en estantería Fecha de adquisición Total de préstamos Código de barras Fecha visto por última vez Número de copia Precio válido a partir de Tipo de ítem Koha
    Dewey Decimal Classification     General Zootecnia Zootecnia   09/11/2016   z_6701 02/06/2022 1 02/06/2022 Libro